000 00415nam a2200157Ia 4500
008 160319s9999 xx 000 0 und d
020 _a9714805562
050 _bAb165i 2003
100 _aAbueg, Efren R.
245 _aIbong Adarna :
245 _bisang korido /
245 _cEfren R. Abueg, Magdalena C. Sayas.
260 _bAnvil Pub. Inc
260 _c2003
700 _aSayas, Magdalena C., added author.
999 _c292290
_d292290